000 00852nam a2200265Ia 4500
005 20251020182455.0
008 200515s9999 xx 000 0 und d
082 _a624.014.2/Z42
100 _aZapata Baglietto, Luis F.
245 0 _aDiseño estructural en acero : Con énfasis en el Método de Diseño con Factores de Carga y Resistencia. Libro 8
250 _a1a ed.
260 _aLima
260 _bColegio de Ingenieros del Perú
260 _c1991
300 _ap. irregular
300 _btbl., graf.
490 _aColección del Ingeniero Civil 1990 - 1991. Libro Nº 8
500 _a2 ejemplares
520 _aPrimer curso de acero y por lo limitado de su extensión no se tratan todos los posibles temas.
650 _aACERO ESTRUCTURAL
650 _aESTRUCTURAS DE ACERO
942 _cLIB
999 _c980
_d980